| 000 | 006190000a22001810004500 | ||
|---|---|---|---|
| 003 | MACL | ||
| 005 | 20160214124911.0 | ||
| 008 | 160214b xxu||||| |||| 00| 0 eng d | ||
| 040 |
_aMACL _cMACL |
||
| 041 | _aHindi | ||
| 082 | _a330 | ||
| 100 |
_aअग्रवाल डा. एम. डी _938372 |
||
| 245 | _aभारत में लोक उपक्रम एवं अन्य आर्थिक लेख | ||
| 260 |
_bदी स्टूडेण्ट़स बुक कम्पनी _c1989 _aजयपुर |
||
| 350 | _a60 | ||
| 650 |
_aEconomics _938373 |
||
| 942 |
_cHIN _k330 _2ddc |
||
| 999 |
_c28906 _d28906 |
||